Mathematics: (Record no. 184412)

MARC details
000 -LEADER
fixed length control field 00528nam a22001817a 4500
005 - DATE AND TIME OF LATEST TRANSACTION
control field 20220418170913.0
010 ## - LCCN (DPL NO)
LC control number ENG-131257
020 ## - INTERNATIONAL STANDARD BOOK NUMBER
International Standard Book Number 978-93-5322-459-2
Terms of availability 395.00
035 ## - SYSTEM CONTROL NUMBER
System control number EN-114789
037 ## - SOURCE OF ACQUISITION
Source of stock number/acquisition DBAD
082 ## - DEWEY DECIMAL CLASSIFICATION NUMBER
Classification number 510
100 ## - MAIN ENTRY--PERSONAL NAME
Personal name Jain, Anshul
245 ## - TITLE STATEMENT
Title Mathematics:
Remainder of title M Sc Entrance Examination/
Statement of responsibility, etc Anshul Jain & Sumit Jain
260 ## - PUBLICATION, DISTRIBUTION, ETC. (IMPRINT)
Place of publication, distribution, etc New Delhi
Name of publisher, distributor, etc Prabhat Prakashan
Date of publication, distribution, etc 2019
270 ## - ADDRESS
City New Delhi
Address 4/19, Asaf Ali Road
Postal code 110002
300 ## - PHYSICAL DESCRIPTION
Extent 512p.
Dimensions 28cm(pbk)
942 ## - ADDED ENTRY ELEMENTS (KOHA)
Source of classification or shelving scheme Dewey Decimal Classification
Item type English Books
Classification part 510
Call number suffix JAI
Holdings
Withdrawn status Lost status Not for loan Collection code Home library Current library Date acquired Source of acquisition Cost, normal purchase price Full call number Barcode Copy number Cost, replacement price Koha item type
      Non-fiction Central Library Central Library 20/01/2022 DBAD/PUB 395.00 510 JAI EN-114789 1 395.00 English Books

© Delhi Public Library
Hit Counter
free hit counter